Analýza spotrebiteľského správania bakalárska práca

Enregistré dans:
Détails bibliographiques
Auteur principal: Brachová, Daniela
Collectivité auteur: Fakulta podnikového manažmentu EU. Katedra podnikovohospodárska
Autres auteurs: Kissová, Jana, 1979-
Format: Livre
Langue:slovaque
Publié: Bratislava 2017
Tags: Ajouter un tag
Pas de tags, Soyez le premier à ajouter un tag!

MARC

LEADER 00000nbm a2200000 4500
001 0232341
005 20171024101006.6
041 0 |a slo 
044 |a SK 
245 1 0 |a Analýza spotrebiteľského správania  |b bakalárska práca  |c Daniela Brachová ; školiteľ: Jana Kissová 
264 1 |a Bratislava  |c 2017 
300 |a 45 s. 
100 1 |a Brachová, Daniela 
700 1 |a Kissová, Jana, 1979- 
710 2 |a Fakulta podnikového manažmentu EU. Katedra podnikovohospodárska